Statystyki dla Sport, który nie wymaga biegania.

Kliknij tutaj aby rozwiązać quiz!

Ogólne statystyki

  • Ten quiz został rozwiązany 91 razy
  • Średni wynik to 2 z 6

Statystyki odpowiedzi

Odpowiedź% Poprawnych
Szachy
75%
Skoki narciarskie
59%
Pływanie
56%
Golf
30%
Kajakarstwo
17%
Żeglarstwo
10%

Rozkład punktacji

Percentyl według liczby udzielonych odpowiedzi

Procent ludzi z każdym wynikiem

Twoja historia wyników

Nie rozwiązałeś tego quizu